A Papírtigris étterem marketingstratégiája és fejlődési lehetőségei

Bibliographic Details
Main Author: Szilfai Judit
Other Authors: Kopcsay Dr. László
Format: Thesis
Kulcsszavak:Marketingstratégia
Étterem
Online Marketing
Papírtigris étterem
Innováció
Vendéglátás
Online Access:http://dolgozattar.uni-bge.hu/18769

MARC

LEADER 00000nta a2200000 i 4500
001 dolg18769
005 20200327100102.0
008 181203suuuu hu om 000 hun d
040 |a BGE Dolgozattár Repozitórium  |b hun 
041 |a hu 
100 1 |a Szilfai Judit 
245 1 2 |a A Papírtigris étterem marketingstratégiája és fejlődési lehetőségei  |c Szilfai Judit  |h [elektronikus dokumentum] 
695 |a Marketingstratégia 
695 |a Étterem 
695 |a Online Marketing 
695 |a Papírtigris étterem 
695 |a Innováció 
695 |a Vendéglátás 
700 1 |a Kopcsay Dr. László  |e ths 
856 4 0 |u http://dolgozattar.uni-bge.hu/18769/1/Szilfai%20Judit_Szakdolgozat_teljes.pdf  |z Dokumentum-elérés 
856 4 0 |u http://dolgozattar.uni-bge.hu/18769/2/HivatalosBejegyzes_bizalmas%20min%C5%91s%C3%ADt%C3%A9s.pdf  |z Dokumentum-elérés